000 00297nam a2200109Ia 4500
008 200302s9999 xx 000 0 und d
100 _aGarlock and Billington
245 _aFelix candela engineer builder structural artist
260 _bPrinceton Architectural Press
260 _c2008
300 _a207
999 _c7312
_d7312